000 02336cam a22005894i 4500
003 PE-LiUPU
005 20250731165508.0
008 170922s2006 pe a rb 000 0 spa d
020 _a9789968514033
035 _a(Sirsi) a239597
040 _aPE-LiUPU
_bspa
_cPE-LiUPU
_dPE-LiUPU
_erda
049 _aPRUA
082 0 4 _a005.369
_bV61 2006
100 1 _aVillón Béjar, Máximo,
_eautor.
245 1 0 _aEspadren :
_bsoftware para el cálculo de espaciamiento de drenes, Manual del Usuario /
_cMáximo Villón Béjar.
250 _aSegunda edición.
264 1 _aLima :
_bMaxSolt,
_c2006.
300 _a100 páginas :
_bilustraciones ;
_c21 centímetros
300 _a1 CD-ROM
336 _atext
_2rdacontent
337 _aunmediated
_2rdamedia
338 _avolume
_2rdacarrier
504 _aBibliografía : páginas 97-98.
505 0 _aUso de Espadren -- Definiciones y fórmulas -- Ejemplos de Cálculo.
526 _aSEG44
526 _aSEG26
526 _aP151
526 _aP150
526 _aP149
526 _aP146
526 _aP145
526 _aP126
526 _aP125
526 _aP92
526 _aP75
526 _aP74
526 _aP27
526 _aP15
541 _g002-00000136;
650 0 4 _aEspadren (Programa para computador).
650 0 4 _aDrenaje agrícola.
910 _tqv
_d20170922
910 _adbm
_bncf
_cncf
_d20180702
942 _2ddc
_cBOOK
949 _a005.369
_bV61 2006
_wDEWEY
_c1
_iFJ08839
_lCCODEBUJ1
_mBUJ
_p22.00
_r0
_sY
_tBOOK
_u2017-09-22
_xFIA
_PP25
_0COMPRA
_o.STAFF. Colección General Juliaca
994 _aC0
_bPEPRU
596 _a1 3
999 _a005.369 V61 2006
_wDEWEY
_c25283
_iFJ08839
_f2021-12-27
_g4
_lCCODEBUJ1
_mBUJ
_p22.00
_r0
_sY
_tBOOK
_u2017-9-22
_xINGENIERIA
_PP25
_0COMPRA
_o.STAFF. Colección General Juliaca
_d25283
999 _a005.369 V61
_wDEWEY
_c1
_i78606
_f2022-4-11
_g5
_lCCODEBUL1
_mBUL
_p5.48
_r1
_sY
_tBOOK
_u2018-7-2
_xINGENIERIA
_PP25
_0COMPRA
_1FCOMPRA
_o.STAFF. Colección Ingeniería y Arquitectura
999 _a005.369 V61
_wDEWEY
_c2
_i78607
_f2022-4-11
_g4
_lCCODEBUL1
_mBUL
_p5.48
_r1
_sY
_tBOOK
_u2018-7-2
_xINGENIERIA
_PP25
_0COMPRA
_1FCOMPRA
_o.STAFF. Colección Ingeniería y Arquitectura
980 _81
_gALBERTO SANCHEZ Responsable de Automatización